[Event "EU-ch 23rd"]
[Site "Vrnjacka Banja"]
[Date "2023.03.12"]
[Round "10"]
[White "Popovic, Igor"]
[Black "Lakusic, Zoran"]
[Result "1-0"]
[WhiteElo "1831"]
[BlackElo "1641"]
[PlyCount "87"]
[EventDate "2023.03.03"]
[EventType "swiss"]
[EventRounds "11"]
[EventCountry "SRB"]
[SourceTitle "CBM 213"]
[Source "ChessBase"]
[SourceDate "2023.04.30"]
[SourceVersion "1"]
[SourceVersionDate "2023.04.30"]
[SourceQuality "1"]

1. e4 d6 2. d4 Nf6 3. Nc3 g6 4. f4 Bg4 5. Nf3 c6 6. h3 Bxf3 7. Qxf3 Qb6 8. e5 Nh5 9. g4 Ng7 10. Bd3 Ne6 11. Ne2 Nxd4 12. Nxd4 Qxd4 13. Be3 Qd5 14. Be4 Qa5+ 15. Bd2 Qc7 16. Bc3 d5 17. Bd3 Bg7 18. 0-0-0 e6 19. f5 Nd7 20. fxe6 fxe6 21. Rde1 Rf8 22. Qe3 Nb6 23. Bb4 Rf7 24. Bd6 Qd8 25. Rhf1 Qh4 26. g5 d4 27. Qd2 Rf5 28. Bxf5 gxf5 29. Qf4 Qh5 30. h4 h6 31. Qxd4 hxg5 32. hxg5 Qxg5+ 33. Kb1 0-0-0 34. Rg1 Qh6 35. Rh1 Qg6 36. Reg1 Qf7 37. Rh7 Rg8 38. a4 Nd5 39. Qxa7 Nc7 40. Qa5 Na6 41. b4 f4 42. b5 Nc7 43. Bxc7 f3 44. Bd6 1-0

[Event "EU-ch 23rd"]
[Site "Vrnjacka Banja"]
[Date "2023.03.07"]
[Round "5"]
[White "Korelskiy, Egor"]
[Black "Popovic, Igor"]
[Result "1-0"]
[WhiteElo "2127"]
[BlackElo "1831"]
[PlyCount "73"]
[EventDate "2023.03.03"]
[EventType "swiss"]
[EventRounds "11"]
[EventCountry "SRB"]
[SourceTitle "CBM 213"]
[Source "ChessBase"]
[SourceDate "2023.04.30"]
[SourceVersion "1"]
[SourceVersionDate "2023.04.30"]
[SourceQuality "1"]

1. e4 c5 2. Nf3 e6 3. d4 cxd4 4. Nxd4 Nf6 5. Nc3 d6 6. g4 h6 7. Bg2 a6 8. h3 Be7 9. Be3 Qc7 10. Qe2 Nc6 11. 0-0-0 Rb8 12. f4 Nxd4 13. Bxd4 e5 14. Be3 exf4 15. Bxf4 Be6 16. e5 dxe5 17. Bxe5 Qc8 18. Bxb8 Qxb8 19. Bd5 Nxd5 20. Nxd5 Bg5+ 21. Kb1 0-0 22. h4 Bxd5 23. Rxd5 Bf4 24. Rhd1 Re8 25. Qd3 Bc7 26. Rd7 b5 27. Qd5 Rf8 28. g5 g6 29. Rf1 Bf4 30. h5 gxh5 31. g6 Qe5 32. gxf7+ Kh8 33. Qxe5+ Bxe5 34. Rd5 Bc7 35. Rxh5 Kg7 36. Rg1+ Kh7 37. Rf5 1-0